Countries of North and South America in 45 Seconds - Statistics

General Stats
  • This quiz has been taken 18 times
  • The average score is 24 of 36
Answers on the Map
Answers color-coded by a green-red scale on the quiz's map according to % correct below.
 
Answer Stats
Answer % Correct
Canada
100%
Mexico
100%
United States
100%
Brazil
93%
Argentina
86%
Chile
86%
Colombia
86%
Panama
86%
Venezuela
86%
Cuba
79%
Peru
79%
Costa Rica
71%
Haiti
71%
Honduras
71%
Jamaica
71%
Nicaragua
71%
Bahamas
64%
Barbados
64%
Belize
64%
Bolivia
64%
Dominica
64%
Dominican Republic
64%
Ecuador
64%
El Salvador
64%
Paraguay
64%
Antigua and Barbuda
57%
Guatemala
57%
Guyana
57%
Suriname
57%
Uruguay
57%
Saint Kitts and Nevis
50%
Saint Vincent and the Grenadines
50%
Saint Lucia
43%
Trinidad and Tobago
43%
Grenada
36%
France
21%
No matching quizzes found
Score Distribution
Percent of People with Each Score
Percentile by Number Answered
Your Score History
You have not taken this quiz